What Word Am I Thinking Of? #1 - Statistics

General Stats
  • This quiz has been taken 50,746 times
  • The average score is 11 of 20
Answer Stats
Clues Word % Correct
Swiss, Mousetrap, Macaroni Cheese
97%
Lettuce, Titanic, Mostly Underwater Iceberg
75%
Elvis, Igneous, Cradle Rock
74%
Hammer, Polish, Nine Inch Nail
72%
Dumbo, Van Gogh, Holyfield Ear
69%
Nottingham, Bird, Batman Robin
61%
Jonah, Ahab, Krill Whale
59%
Teacup, UFO, Disc Saucer
58%
Treasury, Goldfinger, Bail Bond
53%
Tease, Child, Goat Kid
53%
Car, Elephant, Tree Trunk
53%
Serpent, Fuji, iPad Apple
52%
Digging Mammal, Cindy Crawford, Avogadro Mole
51%
Ballet, Robe, Cinderella Slipper
46%
Tom, Halle Berry, Alley Cat
41%
Shoe, Cello, Cheese String
41%
German Dog, Joe Louis, Chinese Rebellion Boxer
36%
Tennis, Jury, Woo Court
32%
Toccata, Donor, Hammond Organ
32%
Captain, Fishing, Kareem Abdul Hook
27%
No matching quizzes found
Score Distribution
Percent of People with Each Score
Percentile by Number Answered
Your Score History
You have not taken this quiz